[Event "Niedersachsen-ch op-B"]
[Site "Verden"]
[Date "2016.01.04"]
[Round "4"]
[White "Kuschnerus, Tessa"]
[Black "Baumann, Marcel"]
[Result "0-1"]
[WhiteElo "1306"]
[BlackElo "1683"]
[PlyCount "68"]
[EventDate "2016.01.03"]
[EventType "swiss"]
[EventRounds "7"]
[EventCountry "GER"]
[SourceTitle "EXT 2018"]
[Source "ChessBase"]
[SourceDate "2017.10.13"]
[SourceVersion "1"]
[SourceVersionDate "2017.10.13"]
[SourceQuality "1"]

1. e4 d5 2. exd5 Qxd5 3. Nc3 Qd6 4. d4 a6 5. Nf3 Nf6 6. Bc4 b5 7. Be2 Bb7 8. a3 e6 9. Bg5 Nbd7 10. 0-0 h6 11. Bh4 Be7 12. Bg3 Qb6 13. Re1 0-0 14. Bd3 Rad8 15. Ne4 c5 16. Nxf6+ Bxf6 17. Be4 Bxe4 18. Rxe4 cxd4 19. b4 d3 20. Rc1 dxc2 21. Rxc2 Ne5 22. Qe2 Nc4 23. a4 Rd5 24. a5 Qb7 25. h3 Rfd8 26. Be5 Bxe5 27. Nxe5 Rd2 28. Rxd2 Rxd2 29. Qe1 Qd5 30. Kh2 f5 31. Rxc4 bxc4 32. Nf3 Qd6+ 33. g3 Rb2 34. Kg2 Rxb4 0-1

[Event "Niedersachsen-ch op-B"]
[Site "Verden"]
[Date "2016.01.03"]
[Round "2"]
[White "Henke, Wolfgang"]
[Black "Kuschnerus, Tessa"]
[Result "0-1"]
[WhiteElo "1741"]
[BlackElo "1306"]
[PlyCount "51"]
[EventDate "2016.01.03"]
[EventType "swiss"]
[EventRounds "7"]
[EventCountry "GER"]
[SourceTitle "EXT 2018"]
[Source "ChessBase"]
[SourceDate "2017.10.13"]
[SourceVersion "1"]
[SourceVersionDate "2017.10.13"]
[SourceQuality "1"]

1. d4 e6 2. c4 c5 3. e3 Nc6 4. Nf3 d6 5. Nc3 g6 6. Be2 Bg7 7. 0-0 Nge7 8. a3 a5 9. Nb5 0-0 10. Qc2 b6 11. Rd1 Nf5 12. dxc5 bxc5 13. g4 Nh4 14. Nxh4 Qxh4 15. f4 e5 16. Qe4 Bxg4 17. Qg2 Bxe2 18. Qxe2 exf4 19. exf4 Nd4 20. Nxd4 Bxd4+ 21. Kh1 Rfe8 22. Qf1 Re6 23. Bd2 Rae8 24. Re1 Rxe1 25. Bxe1 Qg4 26. Rd1 0-1

[Event "Niedersachsen-ch op-B"]
[Site "Verden"]
[Date "2015.01.03"]
[Round "3"]
[White "Kuschnerus, Tessa"]
[Black "Blanke, Jannes"]
[Result "1-0"]
[WhiteElo "1334"]
[BlackElo "1110"]
[PlyCount "83"]
[EventDate "2015.01.02"]
[EventType "swiss"]
[EventRounds "7"]
[EventCountry "GER"]
[SourceTitle "EXT 2018"]
[Source "ChessBase"]
[SourceDate "2017.10.13"]
[SourceVersion "1"]
[SourceVersionDate "2017.10.13"]
[SourceQuality "1"]

1. e4 e5 2. Nf3 Nc6 3. Bc4 Nf6 4. d3 Bc5 5. Bg5 d6 6. c3 Be6 7. Nbd2 Qe7 8. 0-0 0-0-0 9. b4 Bb6 10. a4 h6 11. Bxf6 Qxf6 12. a5 Bxa5 13. bxa5 g5 14. Qb1 Qf4 15. Qb2 g4 16. Nh4 d5 17. g3 Qg5 18. exd5 Bxd5 19. Rfb1 b6 20. Ne4 Bxe4 21. dxe4 Nxa5 22. Ba6+ Kd7 23. Rd1+ Ke6 24. Qa2+ Kf6 25. Bc4 Rxd1+ 26. Rxd1 Rf8 27. Rd7 Nxc4 28. Qxc4 c5 29. Rd6+ Kg7 30. Nf5+ Kh8 31. Rxh6+ Kg8 32. Qd5 Qc1+ 33. Kg2 Qxc3 34. Rg6+ Kh7 35. Rg7+ Kh8 36. Rxg4 Qc2 37. Rh4+ Kg8 38. Ne7+ Kg7 39. Qxe5+ f6 40. Nf5+ Kg6 41. Rh6+ Kg5 42. Qf4# 1-0

[Event "Niedersachsen-ch Girls"]
[Site "Rotenburg"]
[Date "2009.04.07"]
[Round "6"]
[White "Warmer, Doreen"]
[Black "Kuschnerus, Tessa"]
[Result "0-1"]
[WhiteElo "796"]
[BlackElo "1166"]
[PlyCount "108"]
[EventDate "2009.04.04"]
[EventType "swiss"]
[EventRounds "9"]
[EventCountry "GER"]
[SourceTitle "EXT 2010"]
[Source "ChessBase"]
[SourceDate "2010.11.25"]
[SourceVersion "1"]
[SourceVersionDate "2010.11.25"]
[SourceQuality "1"]

1. e4 e5 2. Nf3 Nc6 3. Bc4 Bc5 4. c3 Nf6 5. 0-0 0-0 6. d4 exd4 7. cxd4 Bb4 8. e5 Ne4 9. Qd3 d5 10. Bb5 Bd7 11. a3 Ba5 12. b4 Bb6 13. Bxc6 Bxc6 14. a4 a6 15. a5 Bb5 16. Qd1 Bxf1 17. Qxf1 Ba7 18. Qd3 Qe7 19. Nbd2 Qxb4 20. h3 Nxd2 21. Bxd2 Qe7 22. Ng5 g6 23. Rb1 c6 24. Nf3 c5 25. Bg5 Qd7 26. Nh2 c4 27. Qf3 Qf5 28. Qxf5 gxf5 29. Rxb7 Rfb8 30. Rd7 Rc8 31. Rxd5 c3 32. Nf3 c2 33. Nh4 c1Q+ 34. Bxc1 Rxc1+ 35. Kh2 Rcc8 36. Nxf5 Kf8 37. Rd7 Rd8 38. Rxa7 Rxa7 39. f4 Rad7 40. Kg3 Rxd4 41. Nxd4 Rxd4 42. Kg4 Kg7 43. Kg5 h6+ 44. Kf5 Rd5 45. Ke4 Rxa5 46. f5 f6 47. e6 Re5+ 48. Kf4 h5 49. g4 hxg4 50. hxg4 Rb5 51. g5 fxg5+ 52. Kxg5 a5 53. e7 Kf7 54. Kf4 Kxe7 0-1

[Event "Niedersachsen-ch Girls"]
[Site "Rotenburg"]
[Date "2009.04.05"]
[Round "2"]
[White "Siewert, Jessica"]
[Black "Kuschnerus, Tessa"]
[Result "1-0"]
[WhiteElo "908"]
[BlackElo "1166"]
[PlyCount "93"]
[EventDate "2009.04.04"]
[EventType "swiss"]
[EventRounds "9"]
[EventCountry "GER"]
[SourceTitle "EXT 2010"]
[Source "ChessBase"]
[SourceDate "2010.11.25"]
[SourceVersion "1"]
[SourceVersionDate "2010.11.25"]
[SourceQuality "1"]

1. e4 e5 2. Nf3 Nc6 3. Bc4 Bc5 4. 0-0 Nf6 5. d4 exd4 6. e5 d5 7. exf6 dxc4 8. Re1+ Be6 9. Ng5 Qxf6 10. Nxe6 fxe6 11. Qh5+ g6 12. Qxc5 e5 13. Qxc4 0-0-0 14. c3 Rhf8 15. f3 Qf5 16. Rf1 h5 17. Nd2 Rh8 18. Ne4 a6 19. Nc5 Rhe8 20. f4 e4 21. Nb3 Qf6 22. Qc5 Rd6 23. cxd4 Nxd4 24. Nxd4 Qxd4+ 25. Qxd4 Rxd4 26. Be3 Rd3 27. Rfe1 Red8 28. b4 Ra3 29. Bc1 Rad3 30. Kf2 R3d4 31. a3 b5 32. Be3 R4d7 33. Ra2 Rf8 34. Rd2 g5 35. g3 Rdf7 36. Kg2 gxf4 37. Bxf4 Rg8 38. Rxe4 Kb7 39. h4 c6 40. Rde2 Rgg7 41. Bd6 Rd7 42. Re7 Rf7 43. Bc5 Kc7 44. R2e6 Kc8 45. Rxf7 Rxf7 46. Rxc6+ Kb7 47. Rb6+ 1-0

[Event "Niedersachsen-ch Girls"]
[Site "Rotenburg"]
[Date "2009.04.04"]
[Round "1"]
[White "Kuschnerus, Tessa"]
[Black "Pracht, Jana"]
[Result "1-0"]
[WhiteElo "1166"]
[BlackElo "763"]
[PlyCount "103"]
[EventDate "2009.04.04"]
[EventType "swiss"]
[EventRounds "9"]
[EventCountry "GER"]
[SourceTitle "EXT 2010"]
[Source "ChessBase"]
[SourceDate "2010.11.25"]
[SourceVersion "1"]
[SourceVersionDate "2010.11.25"]
[SourceQuality "1"]

1. e4 e6 2. d4 d5 3. e5 Nc6 4. Nf3 Bb4+ 5. c3 Be7 6. Bd3 Nh6 7. 0-0 0-0 8. Be3 Bd7 9. Qd2 Nf5 10. Bg5 Bxg5 11. Nxg5 h6 12. Nf3 a6 13. Qf4 Nce7 14. g4 Ng6 15. Qd2 Nfh4 16. Nxh4 Nxh4 17. Qe3 f5 18. h3 fxg4 19. hxg4 Rf3 20. Qd2 Qf8 21. Re1 Qf7 22. Kf1 Rf8 23. Re2 h5 24. g5 g6 25. b3 Nf5 26. Ke1 h4 27. Kd1 h3 28. Kc2 h2 29. Na3 Ne7 30. Rh1 Rxf2 31. Rxh2 Rxe2 32. Qxe2 Qf4 33. Qg2 Nf5 34. Qh3 Kf7 35. Qh7+ Ke8 36. Qxg6+ Rf7 37. Rh8+ Ke7 38. Rh7 Rxh7 39. Qxh7+ Ke8 40. Qh8+ Kf7 41. Qf6+ Kg8 42. g6 Qh6 43. Qd8+ Qf8 44. Qxd7 Qg7 45. Qxe6+ Kh8 46. Qxf5 Kg8 47. e6 c6 48. c4 dxc4 49. Bxc4 b5 50. e7+ Kh8 51. e8R+ Qg8 52. Rxg8# 1-0

[Event "Hannover-ch U16"]
[Site "Lehrte"]
[Date "2008.10.12"]
[Round "4"]
[White "Nuelle, Christoph"]
[Black "Kuschnerus, Tessa"]
[Result "1-0"]
[WhiteElo "1413"]
[BlackElo "1093"]
[PlyCount "83"]
[EventDate "2008.10.11"]
[EventType "swiss"]
[EventRounds "7"]
[EventCountry "GER"]
[SourceTitle "EXT 2021"]
[Source "ChessBase"]
[SourceDate "2020.10.23"]
[SourceVersion "1"]
[SourceVersionDate "2020.10.23"]
[SourceQuality "1"]

1. e4 e5 2. Nf3 Nc6 3. Bb5 d6 4. d4 exd4 5. Nxd4 Bd7 6. Nc3 Nf6 7. 0-0 Be7 8. Bf4 0-0 9. Nxc6 Bxc6 10. Bxc6 bxc6 11. e5 dxe5 12. Bxe5 Bd6 13. Re1 Re8 14. f4 Bxe5 15. fxe5 Nd5 16. Qf3 Nxc3 17. Qxc3 Qd7 18. Qc4 Qd5 19. Qc3 Qd7 20. Rad1 Qe6 21. Qa5 Re7 22. Qc5 Ree8 23. b3 h6 24. Rd4 a5 25. Rc4 Ra6 26. Qd4 Raa8 27. Re3 Rad8 28. Qc3 Rd1+ 29. Re1 Rxe1+ 30. Qxe1 Qxe5 31. Qxe5 Rxe5 32. Rxc6 Re7 33. Ra6 Re2 34. Rc6 Re1+ 35. Kf2 Ra1 36. a4 Rd1 37. Rxc7 Rd5 38. c3 g5 39. b4 axb4 40. cxb4 Rd8 41. b5 Ra8 42. b6 1-0

[Event "Niedersachsen-ch U16/18 Girls"]
[Site "Rotenburg"]
[Date "2008.03.18"]
[Round "4"]
[White "Warmer, Doreen"]
[Black "Kuschnerus, Tessa"]
[Result "0-1"]
[WhiteElo "887"]
[BlackElo "965"]
[PlyCount "54"]
[EventDate "2008.03.15"]
[EventType "swiss"]
[EventRounds "7"]
[EventCountry "GER"]
[SourceTitle "EXT 2009"]
[Source "ChessBase"]
[SourceDate "2008.11.26"]
[SourceVersion "1"]
[SourceVersionDate "2008.11.26"]
[SourceQuality "1"]

1. e4 e5 2. Nf3 Nc6 3. Bc4 Nd4 4. Nxe5 Qg5 5. Nxf7 Qxg2 6. Rf1 Qxe4+ 7. Qe2 Nxe2 8. Bxe2 Kxf7 9. Nc3 Qxc2 10. Bc4+ Ke8 11. Ke2 d6 12. b3 Qf5 13. Nd5 Qe5+ 14. Kd1 Qxa1 15. Nxc7+ Kd8 16. Nxa8 Qxa2 17. Re1 Bg4+ 18. Re2 Bxe2+ 19. Kxe2 Nf6 20. Kf1 d5 21. Bd3 Qxb3 22. Bf5 Qd1+ 23. Kg2 Qxc1 24. h3 Bd6 25. h4 Re8 26. f3 Qxd2+ 27. Kh3 Qh2# 0-1

[Event "Hannover-ch U16"]
[Site "Bueckeburg"]
[Date "2007.11.02"]
[Round "3"]
[White "Kuschnerus, Tessa"]
[Black "Busch, Max"]
[Result "0-1"]
[WhiteElo "985"]
[BlackElo "1048"]
[PlyCount "88"]
[EventDate "2007.11.01"]
[EventType "swiss"]
[EventRounds "7"]
[EventCountry "GER"]
[SourceTitle "EXT 2021"]
[Source "ChessBase"]
[SourceDate "2020.10.23"]
[SourceVersion "1"]
[SourceVersionDate "2020.10.23"]
[SourceQuality "1"]

1. e4 e6 2. Nc3 d5 3. exd5 exd5 4. d4 Nf6 5. Bd3 c5 6. dxc5 Bxc5 7. Nf3 0-0 8. 0-0 Nc6 9. Bg5 h6 10. Bh4 Bg4 11. h3 Bxf3 12. Qxf3 Nb4 13. a3 Nxd3 14. cxd3 d4 15. Ne4 Be7 16. Nxf6+ Bxf6 17. Bxf6 Qxf6 18. Qxb7 Rab8 19. Qxa7 Rxb2 20. f3 Qg6 21. Rf2 Rxf2 22. Kxf2 Qxd3 23. Qa4 Qe3+ 24. Kg3 d3 25. Rd1 d2 26. Qc2 Rd8 27. a4 g5 28. a5 Qe1+ 29. Kh2 Qe5+ 30. Kg1 Qxa5 31. Kf2 Qb6+ 32. Ke2 Qe6+ 33. Kf2 Qd6 34. Ke2 Qe5+ 35. Kf2 Qd4+ 36. Ke2 Qe5+ 37. Kf2 Qf4 38. Ke2 Re8+ 39. Kd3 Qe3+ 40. Kc4 Rc8+ 41. Kb5 Rxc2 42. Kb4 Qe2 43. Rxd2 Qxd2+ 44. Kb5 Qd3+ 0-1

[Event "Niedersachsen-ch U12/14 Girls"]
[Site "Rotenburg/Wuemme"]
[Date "2007.04.02"]
[Round "4"]
[White "Pfeiffer, Cynthia"]
[Black "Kuschnerus, Tessa"]
[Result "0-1"]
[WhiteElo "724"]
[BlackElo "788"]
[PlyCount "129"]
[EventDate "2007.03.31"]
[EventType "swiss"]
[EventRounds "9"]
[EventCountry "GER"]
[SourceTitle "EXT 2008"]
[Source "ChessBase"]
[SourceDate "2007.11.25"]
[SourceVersion "1"]
[SourceVersionDate "2007.11.25"]
[SourceQuality "1"]

1. e4 e5 2. Nf3 Nc6 3. Bc4 Nf6 4. Nc3 Bc5 5. d3 d6 6. Bg5 h6 7. Bxf6 Qxf6 8. h3 0-0 9. Nd5 Qd8 10. 0-0 a6 11. a3 Nd4 12. b4 Ba7 13. c3 Ne6 14. a4 c6 15. Ne3 Bxe3 16. fxe3 Ng5 17. b5 axb5 18. axb5 Rxa1 19. Qxa1 Nxf3+ 20. Rxf3 d5 21. exd5 cxd5 22. Bb3 d4 23. cxd4 b6 24. Bc2 Bb7 25. Rg3 Qf6 26. dxe5 Qe6 27. d4 Ra8 28. Qc3 f6 29. exf6 Qxf6 30. Qc4+ Qf7 31. Qxf7+ Kxf7 32. Kf2 Ra2 33. Ke2 Rxc2+ 34. Kd3 Rb2 35. Kc4 g5 36. d5 Ke7 37. e4 Kd6 38. Kd4 Rxb5 39. Kc4 Rc5+ 40. Kd4 Ba6 41. Rb3 Rc4+ 42. Ke3 b5 43. Ra3 Bb7 44. Ra5 b4 45. Ra1 b3 46. Rb1 Rb4 47. g3 Ba6 48. h4 Kc5 49. hxg5 hxg5 50. e5 Kxd5 51. Rb2 Kxe5 52. Kf3 Bb7+ 53. Ke3 Bd5 54. Kd3 Rg4 55. Re2+ Be4+ 56. Kd2 Rxg3 57. Re3 Rxe3 58. Kxe3 b2 59. Kd2 b1Q 60. Kc3 Kd5 61. Kd2 Bf3 62. Ke3 Qb3+ 63. Kd2 Ke4 64. Kc1 Be2 65. Kd2 0-1